书目信息 |
| 题名: |
简帛发现与研究
|
|
| 作者: | 马今洪 | |
| 分册: | ||
| 出版信息: | 上海 上海书店出版社 2002 |
|
| 页数: | 171页 | |
| 开本: | 20cm | |
| 丛书名: | ||
| 单 册: | ||
| 中图分类: | K877.04 | |
| 科图分类: | ||
| 主题词: | 文物--考古--中国 | |
| 电子资源: | ||
| ISBN: | 7-80622-944-2 | |
| 000 | 00513nam0 2200181 450 | |
| 001 | 0728815141 | |
| 005 | 20070819080015.14 | |
| 010 | @a7-80622-944-2@d¥18.00 | |
| 100 | @a20070819d km y0chiy0120 ea | |
| 101 | 0 | @achi |
| 200 | 1 | @a简帛发现与研究@Ajian bo fa xian yu yan jiu@f马今洪@Fma jin hong |
| 210 | @a上海@c上海书店出版社@d2002 | |
| 215 | @a171页@d20cm | |
| 606 | 0 | @a文物@x考古@x中国 |
| 690 | @aK877.04@v3 | |
| 701 | 0 | @a马今洪@Ama jin hong |
| 801 | 0 | @aCN@bPFT@c20070819 |
| 905 | @a213230@dK877.04@eZW12@f1 | |
| 简帛发现与研究/马今洪.-上海:上海书店出版社,2002 |
| 171页;20cm |
| ISBN 7-80622-944-2:¥18.00 |
| ● |
| 相关链接 |
|
|
|
|
正题名:简帛发现与研究
索取号:K877.04/ZW12
 
预约/预借
| 序号 | 登录号 | 条形码 | 馆藏地/架位号 | 状态 | 备注 |
| 1 | 7611410 | 276114107 | 密集书库-文学院/ [索取号:K877.04/ZW12] | 在馆 |